Entry Personal Name
Number of records used in: 1
001 - CONTROL NUMBER
003 - CONTROL NUMBER IDENTIFIER
005 - DATE AND TIME OF LATEST TRANSACTION
- control field:
20230902142944.0
008 - FIXED-LENGTH DATA ELEMENTS
- fixed length control field:
800418n| azannaabn |a aaa
010 ## - LIBRARY OF CONGRESS CONTROL NUMBER
- LC control number:
n 79059349
035 ## - SYSTEM CONTROL NUMBER
- System control number:
(OCoLC)oca00292391
040 ## - CATALOGING SOURCE
- Original cataloging agency:
DLC
- Language of cataloging:
eng
- Description conventions:
rda
- Transcribing agency:
DLC
- Modifying agency:
DLC
- Modifying agency:
IEN
- Modifying agency:
DLC
- Modifying agency:
UkOxU
046 ## - SPECIAL CODED DATES
- Birth date:
19260302
- Death date:
19950107
100 1# - HEADING--PERSONAL NAME
- Personal name:
Rothbard, Murray N.
- Fuller form of name:
(Murray Newton),
- Dates associated with a name:
1926-1995
372 ## - FIELD OF ACTIVITY
- Field of activity:
Economics
- Field of activity:
Social sciences
- Source of term:
lcsh
373 ## - ASSOCIATED GROUP
- Associated group:
Polytechnic Institute of Brooklyn
- Associated group:
University of Nevada, Las Vegas
- Source of term:
naf
374 ## - OCCUPATION
- Occupation:
Economists
- Occupation:
Social scientists
- Occupation:
College teachers
- Source of term:
lcsh
400 1# - SEE FROM TRACING--PERSONAL NAME
- Control subfield:
nnea
- Personal name:
Rothbard, Murray Newton,
- Dates associated with a name:
1926-1995
670 ## - SOURCE DATA FOUND
- Source citation:
His The ethics of liberty, c1981:
- Information found:
title page (Murray N. Rothbard)
670 ## - SOURCE DATA FOUND
- Source citation:
The ethics of liberty, 1998:
- Information found:
CIP t.p. (Murray N. Rothbard) book title page ((Murray N. Rothbard) introduction (died 1995)
670 ## - SOURCE DATA FOUND
- Source citation:
Ludwig von Mises Institute WWW site, September 30, 2014
- Information found:
Murray N. Rothbard page (Murray N. Rothbard, a scholar of extraordinary range, made major contributions to economics, history, political philosophy, and legal theory ; born March 2, 1926 ; taught at Brooklyn Polytechnic Institute from the mid 1960s to the mid 1980s ; from 1986 to his death on January 7, 1995, he was S.J. Hall Distinguished Professor of Economics at the University of Nevada, Las Vegas)
- Uniform Resource Identifier:
http://mises.org/page/1469/Biography-of-Murray-N-Rothbard-19261995